000 00247nam a2200097Ia 4500
005 20251222114402.0
008 251222s1900||||xx |||||||||||||| ||spa||
082 _aDVD0040/G45/2005/Ej.2
245 0 _aLos hermanos Grimm:The Brothers Grimm
942 _cDVD
999 _c1699
_d1699